000 00530nam a22001937a 4500
003 CEME
005 20210628202651.0
008 210122b xxu||||| |||| 00| 0 eng d
020 _a0-470-03037-2
040 _c.
082 _a621.4021 MOR
100 _aMoran, Michael .J,Shapiro, Howard .N
_918974
245 _aFundamentals of engineering thermodynamics
250 _a5TH
260 _aNEW YORK
_bJOHN WILEY
_c2006
300 _aXI,831 P
650 _aTHEROMODYNAMICS.ENGINEERING THERMODYNAMICS
_960985
942 _cBK
_2ddc
999 _c570569
_d570569